000 00511nam a2200217Ia 4500
003 OSt
005 20220928140805.0
006 a|||||r|||| 00| 0
007 ta
008 220927b |||||||| |||| 00| 0 eng d
024 _a11892
037 _cTextual
040 _aSDCL
_cSDCL
_beng
041 _2eng
_aeng
082 _aV1'N7, L9
100 _aMcNeill William H
245 0 _aWorld history
250 _a3
942 _hV1'N7, L9
_cTEXL
_2CC
999 _c814310
_d814310